[Event "AUTO-OPEN-2842"]
[Site "http://www.queenalice.com/game.php?id=1121704"]
[Date "2012.11.13"]
[Round "1"]
[White "marcomasa"]
[Black "TonyCM"]
[Result "1-0"]
[WhiteElo "1636"]
[BlackElo "1651"]

1. e4 Nc6 2. Bc4 e6 3. Nf3 h6 4. a3 g5 5. h3 d5 6. exd5 exd5 7. Ba2 Bd6 8. d3
Qe7+ 9. Kf1 Be6 10. Nc3 O-O-O 11. Bd2 f5 12. d4 Nf6 13. Qe2 g4 14. Nh4 Nxd4 15.
Qd3 Qg7 16. Qxd4 gxh3 17. Rxh3 f4 18. Rf3 c5 19. Qd3 Ng4 20. Bxf4 Bxf4 21. Rxf4
Qg5 22. Qg3 c4 23. Ne2 Rhf8 24. Rxf8 Rxf8 25. f4 Qh5 26. c3 Bf5 27. Nxf5 Rxf5
28. Bb1 Qh1+ 29. Ng1 Nh2+ 30. Kf2 Rf8 31. Bc2 h5 32. Rb1 Ng4+ 33. Kf3 Rg8 34.
Nh3 Nh2+ 35. Kf2 Ng4+ 36. Kf3 Nh2+ 37. Kf2 Ng4+ 38. Ke2 Re8+ 39. Kd2 Re3 40.
Qxe3 Qxg2+ 41. Qe2 Qxh3 42. Bf5+ 1-0

[Event "AUTO-OPEN-2842"]
[Site "http://www.queenalice.com/game.php?id=1121705"]
[Date "2012.11.13"]
[Round "1"]
[White "TonyCM"]
[Black "marcomasa"]
[Result "0-1"]
[WhiteElo "1670"]
[BlackElo "1605"]

1. Nf3 e6 2. g3 Bc5 3. Bg2 c6 4. d4 Bb6 5. c4 Nf6 6. Bg5 d6 7. b4 Nbd7 8. a4 a6
9. Nc3 h6 10. Be3 Nf8 11. a5 Ba7 12. c5 d5 13. Ne5 Bd7 14. O-O N8h7 15. Bf4 g5
16. Nxd7 gxf4 17. Nxf6+ Nxf6 18. e4 fxg3 19. fxg3 Qe7 20. e5 Nd7 21. Ne2 O-O-O
22. Nf4 Rdg8 23. Nh5 Rg5 24. Nf6 Nxf6 25. exf6 Qc7 26. Qf3 h5 27. Qe3 Rg6 28.
Bh3 h4 29. g4 Bb8 30. Ra2 Rhg8 31. Re2 Ba7 32. Qe5 Qxe5 33. Rxe5 Rh8 34. Rf4 Bb8
35. Rh5 Rxh5 0-1

[Event "AUTO-OPEN-2842"]
[Site "http://www.queenalice.com/game.php?id=1121720"]
[Date "2012.11.13"]
[Round "1"]
[White "TonyCM"]
[Black "ipatov"]
[Result "0-1"]
[WhiteElo "1653"]
[BlackElo "2036"]

1. Nf3 Nf6 2. g3 d5 3. Bg2 c5 4. O-O Nc6 5. d4 Bg4 6. Be3 c4 7. b3 cxb3 8. axb3
e6 9. c4 Bd6 10. c5 Bc7 11. Nc3 O-O 12. Nb5 Bb8 13. Qc1 a6 14. Qc2 Bf5 15. Qa2
Nb4 16. Qd2 Nc6 17. Nh4 Be4 18. f3 Bg6 19. Nxg6 hxg6 20. Bg5 e5 21. b4 Re8 22.
Ra4 Qd7 23. Bxf6 gxf6 24. e4 dxe4 25. Rd1 exf3 26. Bxf3 Nxd4 27. Bg2 Qxb5 28.
Qa2 Ne2+ 29. Kh1 Nc3 0-1

[Event "AUTO-OPEN-2842"]
[Site "http://www.queenalice.com/game.php?id=1121721"]
[Date "2012.11.13"]
[Round "1"]
[White "ipatov"]
[Black "TonyCM"]
[Result "1-0"]
[WhiteElo "1995"]
[BlackElo "1716"]

1. e4 Nc6 2. Nf3 e5 3. Bb5 Nge7 4. O-O d6 5. d4 exd4 6. Bg5 f6 7. Bd2 Bg4 8. h3
Bxf3 9. Qxf3 Qd7 10. c3 dxc3 11. Nxc3 O-O-O 12. Nd5 Qe6 13. Qa3 Kb8 14. Be3 Qxe4
15. Nxe7 Nxe7 16. Qxa7+ 1-0

[Event "Challenge"]
[Site "http://www.queenalice.com/game.php?id=1122485"]
[Date "2012.11.15"]
[Round "-"]
[White "TonyCM"]
[Black "Football_rules"]
[Result "1-0"]
[WhiteElo "1732"]
[BlackElo "1723"]

1. Nf3 d6 2. d4 e6 3. e4 h6 4. e5 dxe5 5. Nxe5 Qf6 6. Bb5+ c6 7. Ba4 b5 8. Bb3
c5 9. c3 Ne7 10. O-O Nf5 11. f4 b4 12. Ba4+ Ke7 13. dxc5 a5 14. Nc6+ Nxc6 15.
Bxc6 Ra7 16. g4 Nh4 17. Qd6# 1-0

[Event "Challenge"]
[Site "http://www.queenalice.com/game.php?id=1124322"]
[Date "2012.11.21"]
[Round "-"]
[White "TonyCM"]
[Black "alexsandrob3478"]
[Result "0-1"]
[WhiteElo "1733"]
[BlackElo "1961"]

1. Nf3 d5 2. d4 Nf6 3. g3 g6 4. Bg2 Bg7 5. b3 c6 6. Bb2 Bf5 7. Nc3 O-O 8. Na4
Ne4 9. Nh4 Bd7 10. Nc3 Nxc3 11. Bxc3 Re8 12. Qd3 e5 13. f3 Qe7 14. O-O-O exd4
15. Bxd4 Qxe2 16. Qxe2 Rxe2 17. Bxg7 Kxg7 18. f4 Na6 19. g4 Bxg4 20. Bf3 Bxf3
21. Nxf3 Nb4 22. Nd4 Rf2 23. f5 c5 24. Nb5 Rxc2+ 0-1

[Event "AUTO-ADV-2686"]
[Site "http://www.queenalice.com/game.php?id=1125588"]
[Date "2012.11.24"]
[Round "1"]
[White "TonyCM"]
[Black "Netuno"]
[Result "0-1"]
[WhiteElo "1747"]
[BlackElo "1977"]

1. Nf3 d5 2. d4 Nc6 3. e3 Bg4 4. Be2 Nf6 5. Nbd2 h6 6. b3 e6 7. Bb2 Bd6 8. h3
Bh5 9. g4 Bg6 10. Nh4 Bh7 11. f3 Bg3+ 0-1

[Event "AUTO-ADV-2686"]
[Site "http://www.queenalice.com/game.php?id=1125589"]
[Date "2012.11.24"]
[Round "1"]
[White "Netuno"]
[Black "TonyCM"]
[Result "1-0"]
[WhiteElo "1941"]
[BlackElo "1741"]

1. e4 e5 2. Nf3 d6 3. d4 exd4 4. Nxd4 Bd7 5. Nc3 Nc6 6. Bc4 Nxd4 7. Qxd4 Nf6 8.
Bg5 Be7 9. O-O-O c5 10. Qd3 O-O 11. Bxf6 Bxf6 12. Nd5 Bd4 13. f3 Qa5 14. Kb1 a6
15. c3 Be5 16. f4 b5 17. fxe5 bxc4 18. Ne7+ Kh8 19. Qxc4 dxe5 20. Rxd7 1-0

[Event "AUTO-ADV-2686"]
[Site "http://www.queenalice.com/game.php?id=1125590"]
[Date "2012.11.24"]
[Round "1"]
[White "TonyCM"]
[Black "thw"]
[Result "0-1"]
[WhiteElo "1748"]
[BlackElo "2011"]

1. Nf3 Nf6 2. Nc3 d5 3. d4 Bf5 4. e3 e6 5. Bb5+ c6 6. Ba4 a5 7. a3 Nbd7 8. Nh4
Bg6 9. Bd2 b5 10. Nxg6 hxg6 11. Nxb5 cxb5 12. Bxb5 Bd6 13. Qe2 Rxh2 14. Rg1 Ne4
15. O-O-O Ke7 16. f3 Nxd2 17. Qxd2 Nb6 18. e4 Qc7 19. Qg5+ Kf8 20. Rh1 Bf4+ 0-1

[Event "AUTO-ADV-2686"]
[Site "http://www.queenalice.com/game.php?id=1125591"]
[Date "2012.11.24"]
[Round "1"]
[White "thw"]
[Black "TonyCM"]
[Result "1-0"]
[WhiteElo "1954"]
[BlackElo "1766"]

1. e4 e5 2. Nf3 d6 3. Bc4 h6 4. h3 Nc6 5. O-O f5 6. exf5 Bxf5 7. d4 e4 8. Re1
Qd7 9. Nc3 Nf6 10. Nd2 d5 11. Bb3 O-O-O 12. Ba4 Bxh3 13. Bxc6 bxc6 14. gxh3 Qxh3
15. Re3 Qh4 16. Nf1 Ng4 17. Rg3 h5 18. Ne2 Bd6 19. Bf4 Bxf4 20. Nxf4 Rdf8 21.
Ng6 Qf6 22. Nxf8 Qxf2+ 23. Kh1 Rxf8 24. Qd2 Qf5 25. Ne3 Qh7 26. Nxg4 hxg4+ 27.
Kg2 Qg6 28. Rf1 Rf3 29. Qe2 Kb7 30. Rh1 e3 31. Rf1 Qe4 32. Rfxf3 gxf3+ 33. Rxf3
g5 34. Kf1 g4 35. Rxe3 Qh1+ 36. Kf2 Qh2+ 37. Ke1 Qg1+ 38. Kd2 g3 39. Rb3+ 1-0

[Event "AUTO-ADV-2686"]
[Site "http://www.queenalice.com/game.php?id=1125592"]
[Date "2012.11.24"]
[Round "1"]
[White "TonyCM"]
[Black "marconilho"]
[Result "1-0"]
[WhiteElo "1651"]
[BlackElo "1640"]

1. Nf3 e6 2. d4 Nf6 3. c3 Nc6 4. Bg5 Be7 5. e3 d5 6. Nbd2 Bd7 7. Bb5 h6 8. Bh4
Ne4 9. Bxe7 Qxe7 10. Nxe4 a6 11. Bxc6 Bxc6 12. Ned2 Qf6 13. Ne5 O-O 14. Nxc6
bxc6 15. Nf3 Qg6 16. g3 f6 17. Nh4 Qe4 18. O-O Qh7 19. Qh5 Rae8 20. f4 Ra8 21.
f5 g5 22. fxg6 Qg7 23. Rf4 f5 24. Raf1 Rf6 25. g4 Raf8 26. g5 hxg5 27. Qxg5 a5
28. Qh5 Ra8 29. Qh7+ Qxh7 30. gxh7+ Kxh7 31. R1f3 Rb8 32. b3 Rg8+ 33. Kh1 Rf7
34. Rg3 Rxg3 35. hxg3 Rg7 36. Kh2 Kh6 37. Nf3 Kg6 38. Ne5+ Kf6 39. Nxc6 Rh7+ 40.
Kg2 a4 41. b4 Rh8 42. g4 Rg8 43. Ne5 Kg5 44. Kf3 Kf6 45. gxf5 exf5 46. c4 dxc4
47. Nxc4 Rg1 48. e4 Rf1+ 49. Ke3 Re1+ 50. Kd2 Ra1 51. Rxf5+ Kg6 52. Ne5+ Kg7 53.
Rf7+ Kg8 54. Rxc7 Rxa2+ 55. Rc2 Ra1 56. Kc3 Ra3+ 57. Kb2 Rb3+ 58. Ka2 Rxb4 59.
Rc4 Rb8 60. Rxa4 Re8 61. Ra7 Rd8 62. d5 Re8 63. d6 Rxe5 64. d7 Re7 65. d8=Q+ 1-0

[Event "AUTO-ADV-2686"]
[Site "http://www.queenalice.com/game.php?id=1125593"]
[Date "2012.11.24"]
[Round "1"]
[White "marconilho"]
[Black "TonyCM"]
[Result "0-1"]
[WhiteElo "1697"]
[BlackElo "1634"]

1. e4 e5 2. Bc4 Nf6 3. Nc3 c6 4. a3 d5 5. exd5 cxd5 6. Ba2 Be7 7. d3 d4 8. Ne4
Nxe4 9. dxe4 Nc6 10. Bd2 Bg5 11. Nf3 Bxd2+ 12. Nxd2 Qg5 13. g3 Bg4 14. Qc1 f5
15. h4 Qh5 16. Bc4 Bf3 17. Nxf3 Qxf3 18. Rg1 Qxe4+ 19. Be2 O-O-O 20. f3 Qe3 21.
Qxe3 dxe3 22. Bd3 g6 23. Ke2 f4 24. g4 Nd4+ 25. Ke1 Nxf3+ 26. Kf1 Nxg1 27. Kxg1
f3 28. Rf1 f2+ 29. Kg2 Rhf8 30. b3 Rxd3 31. cxd3 e2 32. Rxf2 e1=Q 33. Rxf8+ Kd7
34. Rf7+ Ke6 35. Rxh7 Qe2+ 36. Kg1 Qxd3 37. Rxb7 Qg3+ 38. Kf1 Qxh4 39. Rxa7 Qh1+
40. Ke2 Qe4+ 41. Kd1 Qd4+ 42. Ke2 Qxa7 43. a4 e4 44. g5 Kf5 45. Ke1 Kf4 46. Ke2
Qe3+ 47. Kd1 Qf2 48. Kc1 Qa2 49. Kd1 e3 50. Ke1 Kf3 51. Kd1 Qd2# 0-1

[Event "Challenge 3"]
[Site "http://www.queenalice.com/game.php?id=1126161"]
[Date "2012.11.27"]
[Round "-"]
[White "Football_rules"]
[Black "TonyCM"]
[Result "1-0"]
[WhiteElo "1743"]
[BlackElo "1758"]

1. e4 e5 2. Nf3 f6 3. Nc3 Nc6 4. a3 Nh6 5. h3 b6 6. Bb5 Bb7 7. d3 g5 8. Be3 Qe7
9. Qd2 g4 10. Bxh6 Bxh6 11. Qxh6 gxf3 12. gxf3 Nd4 13. O-O-O Nxf3 14. Qh5+ 1-0

[Event "Challenge"]
[Site "http://www.queenalice.com/game.php?id=1126386"]
[Date "2012.11.27"]
[Round "-"]
[White "TonyCM"]
[Black "MrDJRVD"]
[Result "0-1"]
[WhiteElo "1726"]
[BlackElo "1869"]

1. Nf3 c5 2. g3 d5 3. Bg2 e6 4. b3 Nf6 5. Bb2 g6 6. d4 cxd4 7. Nxd4 Bg7 8. Na3
O-O 9. Qd3 Nc6 10. Nxc6 bxc6 11. O-O-O Bb7 12. f3 a6 13. e4 dxe4 14. Qxd8 Raxd8
15. Rxd8 Rxd8 16. fxe4 c5 17. Re1 Bh6+ 18. Kb1 Bg7 19. Re2 Rd1+ 0-1

[Event "Challenge"]
[Site "http://www.queenalice.com/game.php?id=1127513"]
[Date "2012.12.1"]
[Round "-"]
[White "TonyCM"]
[Black "Atalxxi1"]
[Result "0-1"]
[WhiteElo "1716"]
[BlackElo "1512"]

1. Nf3 d5 2. g3 Bg4 3. Bg2 Nc6 4. c3 e5 5. d4 e4 6. Ng5 Nh6 7. Nd2 Qxg5 8. Nxe4
Qf5 9. h3 dxe4 10. hxg4 Nxg4 11. Bf4 Be7 12. Bh3 h5 13. Qd2 g5 14. Bxc7 Qxf2+
0-1

[Event "God Game"]
[Site "http://www.queenalice.com/game.php?id=1127514"]
[Date "2012.12.1"]
[Round "-"]
[White "Atalxxi1"]
[Black "TonyCM"]
[Result "1-0"]
[WhiteElo "1536"]
[BlackElo "1692"]

1. e4 e5 2. Nf3 d6 3. Nc3 Bg4 4. Be2 Nf6 5. Nxe5 Bxe2 6. Qxe2 dxe5 7. O-O Nc6 8.
Qb5 Qd6 9. Qxb7 Rb8 10. Qa6 Qd7 11. d3 Nb4 12. Qxa7 Rd8 13. Bg5 Be7 14. Bxf6
Nxc2 15. Rac1 Bxf6 16. g3 Qxd3 17. Qa4+ Rd7 18. Nd5 1-0

[Event "Challenge"]
[Site "http://www.queenalice.com/game.php?id=1144893"]
[Date "2013.1.24"]
[Round "-"]
[White "TonyCM"]
[Black "HelderNanques"]
[Result "0-1"]
[WhiteElo "1661"]
[BlackElo "2126"]

1. Nf3 e6 2. g3 Be7 3. Bg2 Nc6 4. d4 d5 5. a3 Nf6 6. Nc3 O-O 7. Nh4 Nb8 8. Qd3
c5 9. dxc5 Bxc5 10. b4 Be7 11. Qd4 Nc6 12. Qd2 Ne5 13. Qf4 Bd6 14. Qd4 Nc6 15.
Qd2 a6 16. Bb2 Ne5 17. e4 Nc4 18. Qc1 Qc7 19. O-O Nxb2 20. Qxb2 Be5 0-1

[Event "Challenge"]
[Site "http://www.queenalice.com/game.php?id=1144894"]
[Date "2013.1.24"]
[Round "-"]
[White "TonyCM"]
[Black "jeancarlo1910"]
[Result "0-1"]
[WhiteElo "1656"]
[BlackElo "1814"]

1. Nf3 c5 2. g3 Nc6 3. Bg2 d5 4. b3 Nf6 5. Bb2 g6 6. d4 e6 7. a4 cxd4 8. Nxd4
Bg7 9. Nxc6 bxc6 10. c4 O-O 11. cxd5 cxd5 12. Na3 Ba6 13. O-O Ng4 14. Bxg7 Kxg7
15. Qd4+ Nf6 16. Rad1 Kg8 17. b4 Bxe2 18. Nb5 Bxf1 19. Bxf1 h5 20. Rc1 Kh7 0-1

[Event "Challenge"]
[Site "http://www.queenalice.com/game.php?id=1144897"]
[Date "2013.1.24"]
[Round "-"]
[White "TonyCM"]
[Black "Andrez"]
[Result "0-1"]
[WhiteElo "1659"]
[BlackElo "1983"]

1. Nf3 f5 2. e3 Nf6 3. d4 e6 4. c4 b6 5. a3 Bb7 6. Nc3 Be7 7. b4 O-O 8. c5 a5 9.
b5 bxc5 10. dxc5 Bxc5 11. a4 Qe8 12. Bc4 Kh8 13. Ne5 d6 14. Nd3 Ba7 15. Ba3 Nbd7
16. Nf4 e5 17. Ne6 Qg6 18. Rg1 Rfc8 19. Nd5 Nxd5 20. Bxd5 Bxd5 21. Qxd5 Nf6 22.
Qb7 Bb6 23. Rc1 f4 24. Bxd6 Rab8 25. Qa6 fxe3 26. f3 Qd3 27. Rd1 Qc3+ 28. Ke2
Qc2+ 0-1

[Event "Challenge"]
[Site "http://www.queenalice.com/game.php?id=1146357"]
[Date "2013.1.28"]
[Round "-"]
[White "TonyCM"]
[Black "clovis"]
[Result "0-1"]
[WhiteElo "1665"]
[BlackElo "1962"]

1. e4 e5 2. Bc4 Nf6 3. d3 Bc5 4. Bg5 Nc6 5. Nf3 d6 6. Nc3 Be6 7. Bxe6 fxe6 8.
O-O O-O 9. a3 Qe8 10. b4 Bb6 11. Na4 Qg6 12. Bxf6 Rxf6 13. Nxb6 axb6 14. h4 Raf8
15. Ng5 h6 16. Nh3 Nd4 17. Kh1 Nf3 18. gxf3 Rxf3 19. Ng1 Qh5 20. Nxf3 Rxf3 21.
Qxf3 Qxf3+ 22. Kh2 h5 23. Rae1 Qf4+ 24. Kh3 Qg4+ 25. Kh2 Qxh4+ 26. Kg2 Qg4+ 27.
Kh2 h4 28. Re3 Qf4+ 29. Kh3 g5 30. c4 Kh7 31. Rg1 Qxf2 32. Ree1 Kh6 33. Kg4 Qf4+
34. Kh3 Kh5 0-1